000 00677nam a2200241 i 4500
001 C2-0294637
003 PPAK
005 20180728030328.0
008 090219s2007 enka|||| ||||| | eng d
020 _a0954311523 ; 9780954311520
040 _aPPAK
_beng
_cPPAK
_erda
082 0 4 _a599.756
_223
090 0 0 _a599.756
_bGRE
_dR
100 1 _aGreen, Iain,
_eauthor
245 1 0 _aTiger jungle :
_bthe epic tale of bandhavgarh
264 1 _aEngland :
_bTiger Books ,
_c2007
300 _a176 pages :
_bcolour illustrations ;
_c29 cm
336 _2rdacontent
_atext
337 _2rdamedia
_aunmediated
338 _2rdacarrier
_avolume
650 1 0 _aTigers
942 _ddc
_cB
999 _c99258
_d99258